| 000 | 01898nam a2200313 a 4500 | ||
|---|---|---|---|
| 999 |
_c390028 _d390028 |
||
| 003 | BLK | ||
| 005 | 20250128124719.0 | ||
| 008 | 200421b bu ||||| |||| 00| 0 bu d | ||
| 040 | _aBLK | ||
| 041 |
_aBUL _cBUL |
||
| 080 |
_aИстория на войните. Военни кампании. Битки. Военни подвизи _b355.48 _x(497.2)"1877/78" _z355.48(497.2)"1877/78" |
||
| 080 |
_aОсвобождение на България. Руско-турска война (1877-1878) _b94(497.2)"1877/1878" _z94(497.2)"1877/1878" |
||
| 139 | _aВойната за освобождението на България | ||
| 245 |
_aВойната за освобождението на България _bДостопамятна книга за Рус.-тур. война през 1877-1878 _cсъстав. според илюстр. воен. хроника на лейпцигския илюстр. вестник _nЧ. 2 _pОт паданието на гр. Плевен до свършването на войната |
||
| 250 | _aново изд. | ||
| 260 |
_9218897 _aСофия _bПеч. на Бълг. отделение Янко С. Ковачев и сие _c1896 |
||
| 300 | _c30 см. | ||
| 380 | _a9 | ||
| 490 |
_9435080 _aКолекция Редки и ценни издания |
||
| 500 | _aСобствено издание на "Българската илюстрация". С 46 образи в текста. | ||
| 650 | 7 |
_aРуско-турска освободителна война 1877 - 1878 _2 _9170039 |
|
| 653 | 7 |
_9183507 _aвоенна история |
|
| 653 | 7 |
_9183529 _aвоенни действия |
|
| 760 |
_h128, ХХІІ с. _oЧ. 2 _tОт паданието на гр. Плевен до свършването на войната |
||
| 852 |
_aРб 896 _bРц |
||
| 942 |
_cKNG _n0 _s1 |
||
| 944 |
_aCR _c2020-10-14 _k30560 _lГеновева Генчева |
||
| 999 | _d390028 | ||